000 00628nam a2200229Ia 4500
003 OSt
005 20221006163835.0
006 a|||||r|||| 00| 0
007 ta
008 221006b |||||||| |||| 00| 0 eng d
024 _a2,990
037 _cTextual
040 _aFML
_cFML
_beng
041 _2eng
_aeng
082 _aQ21 :22, 15J2
100 _aShastri Pandey Ramtej Tr.
_9675954
245 0 _aShrimad Bhageatam Maha Puranam
260 _aVaranasi
_bPandit Pustakalaya
_c1952
300 _aV P
_ccm.
942 _hQ21 :22, 15J2
_cTEXL
_2CC
999 _c1115457
_d1115457